000 00622nam a22002057a 4500
999 _c15042
_d15042
003 AR-CdUCM
008 190425b ||||| |||| 00| 0 spa d
020 _a978-84-683-1159-3
040 _aMUNICIPALIDAD PROVINCIAL DEL CUSCO
_cBIBLIOTECA MUNICIPAL DEL CUSCO
082 _aPI / 376.12 /
_bC97
100 _aCuxart, Bernadette
_934032
245 _aModela dulces y pasteles /
260 _aBarcelona :
_bEdebé,
_c2014.
300 _a35 páginas ;
_c24 cm.
_bIlustraciones,
650 _aManualidades
_915530
650 _aTécnicas
_9975
650 _aInfancia
_95236
942 _2ddc
_cLIBROS
945 _arah
_d25/04/2019